Egyptische Goden - Statistieken

Algemene statistieken
  • Deze quiz is 24 keer genomen
  • De gemiddelde score is 5 van 10
Antwoordstatistieken
Hint Antwoord % Correct
De zonnegod, een van de belangrijkste godheden in de oude Egyptische religie. Ra
95%
De god van de mummificatie en het hiernamaals, vaak afgebeeld met de kop van een jakhals. Anubis
85%
De god van het hiernamaals, de dood en de wederopstanding. Osiris
65%
De godin van magie, moederschap en vruchtbaarheid. Ze werd ook geassocieerd met het hiernamaals. Isis
60%
De god van de lucht, het koningschap en de bescherming. Vaak werd hij afgebeeld als een valk of als een man met een valkenkop. Horus
55%
De god van de woestijn, chaos, onvruchtbaarheid, van stof en kale grond en als een vijand van de mens. Seth
45%
De god van wijsheid, schrijven en magie. Hij was ook de beschermheer van schriftgeleerden en kennis. Thoth
30%
De godin van de liefde, muziek en schoonheid. Ze werd ook geassocieerd met moederschap en vruchtbaarheid. Hathor
25%
De godin van huis, huiselijkheid en vruchtbaarheid. Ze werd vaak afgebeeld als kat of als vrouw met de kop van een kat. Bastet
20%
De scheppergod en beschermheer van ambachtslieden en bouwers. Hij werd geassocieerd met schepping en vruchtbaarheid. Ptah
20%
Geen overeenkomende quizzen gevonden
Scoreverdeling
Procent van Mensen met Elke Score
Percentiel versus Aantal Correcte Antwoorden
Uw Scoregeschiedenis
U heeft deze quiz nog niet genomen